000
00453nam a2200133Ia 4500
008
151001s9999||||xx |||||||||||||| ||und||
100
_a
श द जावडेकर
245
_a
सत्याग्रही समाजवाद
250
_a
1
260
_b
महाराष्ट्र राज्य साहित्य संस्कुती मंडळ मुंबई
260
_c
१९९४
300
_a
352
365
_b
21
999
_c
1000763
_d
1000760